[Event "wyco2016"]
[Site "?"]
[Date "2016.07.24"]
[Round "4.23"]
[White "Ip, Seng Tou"]
[Black "Taragelova, Martina"]
[Result "1/2-1/2"]
[BlackElo "1626"]
[WhiteElo "1564"]
[LiveChessVersion "1.4.7"]

1. e4 {[%clk 1:30:58]} e5 {[%clk 1:30:49]} 2. Nf3 {[%clk 1:31:25]} Nc6
{[%clk 1:31:09]} 3. Bb5 {[%clk 1:31:46]} a6 {[%clk 1:31:27]} 4. Bxc6
{[%clk 1:32:12]} dxc6 {[%clk 1:31:47]} 5. O-O {[%clk 1:32:38]} Bg4
{[%clk 1:32:02]} 6. h3 {[%clk 1:33:03]} h5 {[%clk 1:32:18]} 7. d3
{[%clk 1:33:25]} Qf6 {[%clk 1:32:19]} 8. Be3 {[%clk 1:33:42]} Bxf3
{[%clk 1:31:42]} 9. Qxf3 {[%clk 1:34:06]} Qxf3 {[%clk 1:31:51]} 10. gxf3
{[%clk 1:34:31]} Bd6 {[%clk 1:31:52]} 11. Nd2 {[%clk 1:33:57]} O-O-O
{[%clk 1:28:41]} 12. Rfb1 {[%clk 1:32:08]} f6 {[%clk 1:18:11]} 13. b4
{[%clk 1:31:13]} g5 {[%clk 1:14:02]} 14. a4 {[%clk 1:29:41]} Nh6 {[%clk 1:07:55]}
15. b5 {[%clk 1:26:02]} cxb5 {[%clk 0:58:56]} 16. axb5 {[%clk 1:26:10]} axb5
{[%clk 0:58:32]} 17. Rxb5 {[%clk 1:26:19]} b6 {[%clk 0:57:49]} 18. Nc4
{[%clk 1:22:10]} Nf7 {[%clk 0:51:13]} 19. Rb2 {[%clk 1:09:23]} Kd7
{[%clk 0:46:09]} 20. Ra7 {[%clk 1:03:01]} Ke6 {[%clk 0:39:53]} 21. Nxd6
{[%clk 1:02:14]} cxd6 {[%clk 0:38:48]} 22. Rxb6 {[%clk 1:02:14]} Rb8
{[%clk 0:36:43]} 23. Rba6 {[%clk 0:49:50]} Rhc8 {[%clk 0:35:05]} 24. Ra2
{[%clk 0:45:47]} Rc6 {[%clk 0:31:00]} 25. Kg2 {[%clk 0:38:00]} Rbc8
{[%clk 0:26:46]} 26. Rb2 {[%clk 0:34:10]} R6c7 {[%clk 0:24:00]} 27. Raa2
{[%clk 0:33:12]} Nd8 {[%clk 0:21:41]} 28. c4 {[%clk 0:28:11]} Nb7
{[%clk 0:20:06]} 29. Ra6 {[%clk 0:26:43]} Nc5 {[%clk 0:16:17]} 30. Bxc5
{[%clk 0:26:49]} Rxc5 {[%clk 0:16:39]} 31. Rbb6 {[%clk 0:24:12]} Rd8
{[%clk 0:16:30]} 32. Rb7 {[%clk 0:23:36]} Rd7 {[%clk 0:15:08]} 33. Rb8
{[%clk 0:23:36]} Rcc7 {[%clk 0:14:45]} 34. Rbb6 {[%clk 0:20:17]} Rc8
{[%clk 0:14:18]} 35. Kf1 {[%clk 0:19:59]} Rcc7 {[%clk 0:13:56]} 36. Ke2
{[%clk 0:20:07]} Ke7 {[%clk 0:12:54]} 37. Kd2 {[%clk 0:19:33]} Rb7
{[%clk 0:12:23]} 38. c5 {[%clk 0:14:43]} dxc5 {[%clk 0:05:40]} 39. Re6+
{[%clk 0:14:48]} Kd8 {[%clk 0:04:44]} 40. Rxf6 {[%clk 0:10:04]} c4
{[%clk 0:03:03]} 41. Ra3 {[%clk 0:07:05]} cxd3 {[%clk 0:02:12]} 42. Rxd3
{[%clk 0:07:30]} Rb2+ {[%clk 0:02:16]} 43. Ke3 {[%clk 0:07:47]} Rxd3+
{[%clk 0:01:55]} 44. Kxd3 {[%clk 0:08:15]} Rxf2 {[%clk 0:02:08]} 45. Rf5
{[%clk 0:08:05]} Rh2 {[%clk 0:01:20]} 46. Rxg5 {[%clk 0:08:22]} Rxh3
{[%clk 0:01:39]} 47. Ke3 {[%clk 0:08:42]} h4 {[%clk 0:01:08]} 48. Rxe5
{[%clk 0:09:09]} Rh1 {[%clk 0:01:12]} 49. Rh5 {[%clk 0:08:33]} Ke7
{[%clk 0:00:58]} 50. Kf2 {[%clk 0:08:41]} Rh2+ {[%clk 0:00:44]} 51. Kg1
{[%clk 0:08:49]} Rh3 {[%clk 0:00:56]} 52. f4 {[%clk 0:07:19]} Re3
{[%clk 0:00:38]} 53. e5 {[%clk 0:06:49]} h3 {[%clk 0:00:40]} 54. Kf2
{[%clk 0:06:14]} Ra3 {[%clk 0:00:48]} 55. Rg5 {[%clk 0:05:30]} Ke6
{[%clk 0:00:46]} 56. Rg3 {[%clk 0:05:32]} h2 {[%clk 0:00:44]} 57. Rg6+
{[%clk 0:05:23]} Kf5 {[%clk 0:00:44]} 58. Rh6 {[%clk 0:04:12]} Kxf4
{[%clk 0:00:38]} 59. Rh4+ {[%clk 0:02:39]} Kxe5 {[%clk 0:00:48]} 60. Rxh2
{[%clk 0:03:04]} 1/2-1/2

[Event "wyco2016"]
[Site "?"]
[Date "2016.07.24"]
[Round "4.24"]
[White "Datelova, Daniela"]
[Black "Ip, Weng Tou"]
[Result "0-1"]
[BlackElo "1490"]
[WhiteElo "1272"]
[LiveChessVersion "1.4.7"]

1. c4 {[%clk 1:30:58]} e5 {[%clk 1:30:51]} 2. e4 {[%clk 1:31:20]} Nf6
{[%clk 1:30:58]} 3. Nc3 {[%clk 1:31:21]} Nc6 {[%clk 1:30:54]} 4. Nf3
{[%clk 1:31:07]} Bc5 {[%clk 1:30:25]} 5. d3 {[%clk 1:30:54]} h6 {[%clk 1:30:13]}
6. Be2 {[%clk 1:31:07]} O-O {[%clk 1:30:29]} 7. O-O {[%clk 1:30:21]} d6
{[%clk 1:30:19]} 8. h3 {[%clk 1:29:39]} Nh7 {[%clk 1:28:43]} 9. Nd5
{[%clk 1:27:45]} f5 {[%clk 1:27:33]} 10. Be3 {[%clk 1:22:15]} Bxe3
{[%clk 1:25:07]} 11. fxe3 {[%clk 1:22:16]} fxe4 {[%clk 1:25:03]} 12. dxe4
{[%clk 1:22:20]} a5 {[%clk 1:22:57]} 13. a4 {[%clk 1:20:56]} Be6 {[%clk 1:20:34]}
14. Bd3 {[%clk 1:16:22]} Rf7 {[%clk 1:09:38]} 15. Qe1 {[%clk 1:10:19]} Nb8
{[%clk 1:02:44]} 16. Qg3 {[%clk 1:03:39]} c6 {[%clk 1:01:18]} 17. Nc3
{[%clk 1:04:01]} Na6 {[%clk 0:56:15]} 18. b3 {[%clk 1:01:10]} Qb6
{[%clk 0:50:45]} 19. Nd2 {[%clk 1:00:11]} Nc5 {[%clk 0:45:57]} 20. Bc2
{[%clk 1:00:15]} Qb4 {[%clk 0:43:51]} 21. Ncb1 {[%clk 1:00:10]} Rxf1+
{[%clk 0:42:31]} 22. Kxf1 {[%clk 1:00:12]} Rf8+ {[%clk 0:42:54]} 23. Kg1
{[%clk 1:00:23]} Bf7 {[%clk 0:38:35]} 24. Ra3 {[%clk 0:44:34]} Nf6
{[%clk 0:38:24]} 25. Qh4 {[%clk 0:42:01]} Bg6 {[%clk 0:38:19]} 26. Kh2
{[%clk 0:35:05]} Bh7 {[%clk 0:33:53]} 27. Kg1 {[%clk 0:34:43]} d5
{[%clk 0:30:31]} 28. cxd5 {[%clk 0:32:10]} cxd5 {[%clk 0:30:36]} 29. Qg3
{[%clk 0:30:13]} Re8 {[%clk 0:29:45]} 30. Kh2 {[%clk 0:26:16]} Ncxe4
{[%clk 0:29:30]} 31. Bxe4 {[%clk 0:26:11]} Nxe4 {[%clk 0:29:37]} 32. Qe1
{[%clk 0:22:54]} Nxd2 {[%clk 0:29:41]} 33. Qxd2 {[%clk 0:22:40]} Bxb1
{[%clk 0:29:42]} 34. Qxd5+ {[%clk 0:22:47]} Kh8 {[%clk 0:30:03]} 35. Ra1
{[%clk 0:22:04]} Be4 {[%clk 0:29:38]} 36. Qf7 {[%clk 0:21:02]} Rf8
{[%clk 0:30:00]} 37. Qe6 {[%clk 0:20:56]} Qd2 {[%clk 0:29:02]} 38. Rg1
{[%clk 0:20:16]} Qxe3 {[%clk 0:28:34]} 39. Qxe5 {[%clk 0:18:46]} Qf4+
{[%clk 0:28:42]} 40. Qxf4 {[%clk 0:19:08]} Rxf4 {[%clk 0:29:09]} 41. Rc1
{[%clk 0:19:10]} Bd5 {[%clk 0:29:10]} 42. Rc5 {[%clk 0:19:03]} Bc6
{[%clk 0:29:04]} 43. Rxa5 {[%clk 0:19:03]} Rb4 {[%clk 0:29:26]} 44. Ra7
{[%clk 0:18:15]} Rxb3 {[%clk 0:29:45]} 45. a5 {[%clk 0:18:18]} Rb2 0-1

[Event "wyco2016"]
[Site "?"]
[Date "2016.07.24"]
[Round "4.25"]
[White "Sankova, Stella"]
[Black "Ihnat, Marek"]
[Result "1-0"]
[BlackElo "1827"]
[WhiteElo "1911"]
[LiveChessVersion "1.4.7"]

1. e4 {[%clk 1:30:21]} c5 {[%clk 1:29:50]} 2. Nf3 {[%clk 1:30:24]} d6
{[%clk 1:30:00]} 3. d4 {[%clk 1:30:33]} cxd4 {[%clk 1:30:19]} 4. Nxd4
{[%clk 1:30:58]} Nf6 {[%clk 1:30:38]} 5. Nc3 {[%clk 1:31:03]} g6 {[%clk 1:30:15]}
6. Be3 {[%clk 1:30:42]} Bg7 {[%clk 1:30:35]} 7. f3 {[%clk 1:30:29]} O-O
{[%clk 1:30:36]} 8. Qd2 {[%clk 1:30:21]} Nc6 {[%clk 1:30:50]} 9. Bc4
{[%clk 1:30:17]} Bd7 {[%clk 1:31:05]} 10. Bb3 {[%clk 1:30:07]} Nxd4
{[%clk 1:30:54]} 11. Bxd4 {[%clk 1:30:15]} b5 {[%clk 1:31:14]} 12. a4
{[%clk 1:27:28]} bxa4 {[%clk 1:28:59]} 13. Bxa4 {[%clk 1:27:33]} Bxa4
{[%clk 1:24:05]} 14. Rxa4 {[%clk 1:27:49]} Qd7 {[%clk 1:20:27]} 15. O-O
{[%clk 1:26:33]} Rfc8 {[%clk 1:14:20]} 16. Rfa1 {[%clk 1:25:04]} Rc7
{[%clk 0:58:07]} 17. R1a2 {[%clk 1:21:58]} Ne8 {[%clk 0:55:12]} 18. Bxg7
{[%clk 1:21:44]} Nxg7 {[%clk 0:55:08]} 19. Nd5 {[%clk 1:20:03]} Rb7
{[%clk 0:54:35]} 20. Ra6 {[%clk 1:08:54]} Rab8 {[%clk 0:46:27]} 21. b3
{[%clk 1:04:04]} Ne6 {[%clk 0:42:00]} 22. Qa5 {[%clk 1:02:40]} Nd8
{[%clk 0:23:23]} 23. Rxa7 {[%clk 0:58:54]} Nc6 {[%clk 0:21:42]} 24. Rxb7
{[%clk 0:58:54]} Rxb7 {[%clk 0:20:36]} 25. Qc3 {[%clk 0:56:10]} Ra7
{[%clk 0:16:51]} 26. Rxa7 {[%clk 0:48:53]} Qxa7+ {[%clk 0:17:07]} 27. Kf1
{[%clk 0:46:52]} Qb7 {[%clk 0:13:52]} 28. Qxc6 {[%clk 0:45:56]} 1-0

[Event "wyco2016"]
[Site "?"]
[Date "2016.07.24"]
[Round "4.26"]
[White "Ondo, Tomas"]
[Black "Cibikova, Sofia Anna"]
[Result "1-0"]
[BlackElo "1682"]
[WhiteElo "1795"]
[LiveChessVersion "1.4.7"]

1. e4 {[%clk 1:30:56]} e6 {[%clk 1:30:51]} 2. f4 {[%clk 1:31:18]} d5
{[%clk 1:30:54]} 3. e5 {[%clk 1:31:43]} c5 {[%clk 1:30:44]} 4. Nf3
{[%clk 1:32:03]} Nc6 {[%clk 1:30:24]} 5. c3 {[%clk 1:32:13]} Be7 {[%clk 1:29:51]}
6. g3 {[%clk 1:31:15]} b6 {[%clk 1:28:46]} 7. Bg2 {[%clk 1:31:31]} Bb7
{[%clk 1:26:19]} 8. d3 {[%clk 1:31:33]} Nh6 {[%clk 1:25:17]} 9. O-O
{[%clk 1:31:02]} O-O {[%clk 1:23:13]} 10. Qe2 {[%clk 1:28:08]} Nf5
{[%clk 1:19:36]} 11. g4 {[%clk 1:24:00]} Nh6 {[%clk 1:17:47]} 12. h3
{[%clk 1:24:16]} Qd7 {[%clk 1:12:55]} 13. Na3 {[%clk 1:21:33]} Na5
{[%clk 1:07:39]} 14. f5 {[%clk 0:56:54]} Kh8 {[%clk 1:01:56]} 15. Bxh6
{[%clk 0:55:45]} gxh6 {[%clk 1:02:20]} 16. f6 {[%clk 0:56:05]} Bd8
{[%clk 1:02:45]} 17. Qd2 {[%clk 0:55:26]} Rg8 {[%clk 1:00:31]} 18. Qxh6
{[%clk 0:53:19]} Rg6 {[%clk 1:00:50]} 19. Qh4 {[%clk 0:52:27]} Qe8
{[%clk 1:00:14]} 20. Kh1 {[%clk 0:29:09]} Ba6 {[%clk 0:56:40]} 21. Rad1
{[%clk 0:28:06]} Nc6 {[%clk 0:53:35]} 22. Rfe1 {[%clk 0:24:03]} Rc8
{[%clk 0:48:41]} 23. Qf2 {[%clk 0:16:59]} Bc7 {[%clk 0:44:51]} 24. g5
{[%clk 0:13:36]} Rd8 {[%clk 0:39:48]} 25. h4 {[%clk 0:11:42]} d4 {[%clk 0:37:42]}
26. c4 {[%clk 0:11:09]} Nb4 {[%clk 0:35:24]} 27. Nh2 {[%clk 0:08:04]} Nxa2
{[%clk 0:30:14]} 28. Be4 {[%clk 0:07:28]} Rg8 {[%clk 0:28:55]} 29. Qf3
{[%clk 0:06:53]} Rb8 {[%clk 0:27:26]} 30. Bxh7 {[%clk 0:02:21]} Bb7
{[%clk 0:26:49]} 31. Be4 {[%clk 0:02:45]} Bxe4 {[%clk 0:27:01]} 32. Rxe4
{[%clk 0:02:54]} Rg6 {[%clk 0:27:11]} 33. Rg1 {[%clk 0:02:53]} Qg8
{[%clk 0:26:57]} 34. Qg4 {[%clk 0:02:36]} Qh7 {[%clk 0:26:43]} 35. h5
{[%clk 0:02:21]} Rgg8 {[%clk 0:26:55]} 36. g6 {[%clk 0:02:19]} fxg6
{[%clk 0:27:05]} 37. hxg6 {[%clk 0:02:42]} Qh6 {[%clk 0:27:13]} 38. Qh4
{[%clk 0:01:59]} 1-0

[Event "wyco2016"]
[Site "?"]
[Date "2016.07.24"]
[Round "4.27"]
[White "Cabanova, Kristina"]
[Black "Petura, Samuel"]
[Result "0-1"]
[BlackElo "1632"]
[WhiteElo "1609"]
[LiveChessVersion "1.4.7"]

1. Nf3 {[%clk 1:30:54]} e6 {[%clk 1:29:23]} 2. d4 {[%clk 1:30:22]} d5
{[%clk 1:29:19]} 3. Bf4 {[%clk 1:29:48]} Nf6 {[%clk 1:28:47]} 4. e3
{[%clk 1:28:50]} Nc6 {[%clk 1:23:51]} 5. c4 {[%clk 1:26:49]} Bd6 {[%clk 1:19:32]}
6. Bxd6 {[%clk 1:23:52]} cxd6 {[%clk 1:13:55]} 7. Nc3 {[%clk 1:23:39]} dxc4
{[%clk 1:05:50]} 8. Bxc4 {[%clk 1:22:18]} O-O {[%clk 1:05:13]} 9. O-O
{[%clk 1:18:29]} a6 {[%clk 0:58:32]} 10. Rc1 {[%clk 1:14:55]} b5 {[%clk 0:56:44]}
11. Bd3 {[%clk 1:13:11]} Bb7 {[%clk 0:55:22]} 12. a3 {[%clk 1:07:57]} Qb6
{[%clk 0:50:59]} 13. Ng5 {[%clk 1:03:35]} Ne7 {[%clk 0:39:37]} 14. Nge4
{[%clk 1:01:52]} Nfd5 {[%clk 0:31:24]} 15. Qh5 {[%clk 0:51:52]} h6
{[%clk 0:23:13]} 16. Qg4 {[%clk 0:38:25]} f5 {[%clk 0:14:22]} 17. Nxd5
{[%clk 0:36:03]} Bxd5 {[%clk 0:12:45]} 18. Qh4 {[%clk 0:35:36]} fxe4
{[%clk 0:10:34]} 19. Qxe7 {[%clk 0:35:50]} Rf7 {[%clk 0:10:30]} 20. Qh4
{[%clk 0:33:22]} exd3 {[%clk 0:10:48]} 21. Rcd1 {[%clk 0:31:22]} Rc7
{[%clk 0:09:31]} 22. Qg4 {[%clk 0:29:33]} Rac8 {[%clk 0:08:25]} 23. Rfe1
{[%clk 0:29:23]} Bb3 {[%clk 0:07:50]} 24. Rxd3 {[%clk 0:28:45]} Rc1
{[%clk 0:07:22]} 25. Kf1 {[%clk 0:28:08]} Rxe1+ {[%clk 0:07:38]} 26. Kxe1
{[%clk 0:28:31]} Rc1+ {[%clk 0:06:46]} 27. Kd2 {[%clk 0:28:45]} Rc2+
{[%clk 0:06:36]} 28. Kd1 {[%clk 0:28:26]} Rc3+ {[%clk 0:06:16]} 29. Kd2
{[%clk 0:28:50]} Rc2+ {[%clk 0:04:50]} 30. Kd1 {[%clk 0:29:11]} Qa5
{[%clk 0:03:27]} 31. Qxe6+ {[%clk 0:25:25]} Bxe6 {[%clk 0:03:50]} 32. Kxc2
{[%clk 0:25:51]} Bf5 {[%clk 0:04:07]} 0-1

[Event "wyco2016"]
[Site "?"]
[Date "2016.07.24"]
[Round "4.28"]
[White "Hadzala, Juraj"]
[Black "Bobrova, Katarina"]
[Result "1-0"]
[BlackElo "1370"]
[WhiteElo "1516"]
[LiveChessVersion "1.4.7"]

1. e4 {[%clk 1:30:52]} e5 {[%clk 1:30:41]} 2. Nf3 {[%clk 1:31:11]} Nf6
{[%clk 1:30:34]} 3. Nc3 {[%clk 1:31:13]} Nc6 {[%clk 1:29:44]} 4. Bb5
{[%clk 1:29:48]} d6 {[%clk 1:27:29]} 5. d4 {[%clk 1:25:38]} Bd7 {[%clk 1:23:42]}
6. d5 {[%clk 1:12:10]} Ne7 {[%clk 1:20:15]} 7. Bg5 {[%clk 1:09:01]} Bxb5
{[%clk 1:15:28]} 8. Bxf6 {[%clk 1:05:54]} gxf6 {[%clk 1:13:25]} 9. Nxb5
{[%clk 1:06:12]} c6 {[%clk 1:11:21]} 10. dxc6 {[%clk 1:06:02]} Nxc6
{[%clk 1:11:32]} 11. Qd2 {[%clk 1:05:44]} a6 {[%clk 1:07:21]} 12. Na3
{[%clk 1:03:58]} b5 {[%clk 1:03:03]} 13. O-O-O {[%clk 1:01:56]} Rc8
{[%clk 1:01:18]} 14. Kb1 {[%clk 1:00:58]} Qd7 {[%clk 0:56:50]} 15. c3
{[%clk 0:58:44]} f5 {[%clk 0:54:09]} 16. Rhe1 {[%clk 0:53:16]} Rg8
{[%clk 0:52:21]} 17. g3 {[%clk 0:45:38]} fxe4 {[%clk 0:52:08]} 18. Rxe4
{[%clk 0:44:23]} Qf5 {[%clk 0:52:10]} 19. Qd3 {[%clk 0:44:30]} Ne7
{[%clk 0:39:38]} 20. Ka1 {[%clk 0:42:29]} f6 {[%clk 0:36:53]} 21. Nh4
{[%clk 0:37:19]} Qxf2 {[%clk 0:35:14]} 22. Qxd6 {[%clk 0:28:27]} Kf7
{[%clk 0:21:40]} 23. Qxa6 {[%clk 0:26:16]} Qxh2 {[%clk 0:14:30]} 24. Nxb5
{[%clk 0:25:14]} Rd8 {[%clk 0:10:50]} 25. Nd6+ {[%clk 0:24:46]} Kg7
{[%clk 0:09:52]} 26. Rg4+ {[%clk 0:17:50]} Kh6 {[%clk 0:07:27]} 27. Rxg8
{[%clk 0:17:45]} Nxg8 {[%clk 0:03:27]} 28. Nf7+ {[%clk 0:17:30]} Kh5
{[%clk 0:02:28]} 29. Nxd8 {[%clk 0:17:22]} Qxg3 {[%clk 0:01:58]} 30. Qe2+
{[%clk 0:15:12]} Kh6 {[%clk 0:01:42]} 31. Nf5+ {[%clk 0:15:13]} Kg5
{[%clk 0:00:39]} 32. Nxg3 {[%clk 0:15:23]} 1-0

[Event "wyco2016"]
[Site "?"]
[Date "2016.07.24"]
[Round "4.29"]
[White "Su, Zijin"]
[Black "Kardis, Benjamin"]
[Result "1-0"]
[BlackElo "1720"]
[WhiteElo "1628"]
[LiveChessVersion "1.4.7"]

1. e4 {[%clk 1:30:46]} c5 {[%clk 1:30:33]} 2. Nf3 {[%clk 1:28:10]} d6
{[%clk 1:30:24]} 3. d3 {[%clk 1:27:14]} Nf6 {[%clk 1:29:57]} 4. g3
{[%clk 1:27:23]} g6 {[%clk 1:29:27]} 5. Bg2 {[%clk 1:27:19]} Bg7 {[%clk 1:28:56]}
6. O-O {[%clk 1:27:33]} O-O {[%clk 1:27:08]} 7. a4 {[%clk 1:26:44]} Nc6
{[%clk 1:24:07]} 8. Nbd2 {[%clk 1:25:29]} e6 {[%clk 1:22:54]} 9. c3
{[%clk 1:25:17]} Nd7 {[%clk 1:18:23]} 10. Ne1 {[%clk 1:24:57]} Qc7
{[%clk 1:16:56]} 11. f4 {[%clk 1:24:48]} Nf6 {[%clk 1:15:09]} 12. Nef3
{[%clk 1:23:35]} Ne8 {[%clk 1:13:40]} 13. Re1 {[%clk 1:21:20]} Bd7
{[%clk 1:13:01]} 14. Nc4 {[%clk 1:20:02]} d5 {[%clk 1:09:18]} 15. exd5
{[%clk 1:18:18]} exd5 {[%clk 1:09:48]} 16. Nce5 {[%clk 1:18:36]} Nd6
{[%clk 1:04:45]} 17. Nxd7 {[%clk 1:11:05]} Qxd7 {[%clk 1:05:06]} 18. Ne5
{[%clk 1:10:09]} Nxe5 {[%clk 0:59:24]} 19. fxe5 {[%clk 1:10:27]} Nc8
{[%clk 0:58:43]} 20. Qf3 {[%clk 1:10:18]} Ne7 {[%clk 0:57:50]} 21. Bg5
{[%clk 1:10:10]} Rad8 {[%clk 0:56:57]} 22. Bf6 {[%clk 1:10:00]} b6
{[%clk 0:54:37]} 23. h4 {[%clk 1:05:16]} d4 {[%clk 0:52:50]} 24. c4
{[%clk 1:05:14]} Rde8 {[%clk 0:51:37]} 25. Kh2 {[%clk 1:04:10]} Qf5
{[%clk 0:51:09]} 26. g4 {[%clk 0:55:32]} Qxf3 {[%clk 0:48:20]} 27. Bxf3
{[%clk 0:55:35]} Nc8 {[%clk 0:45:59]} 28. Bc6 {[%clk 0:54:17]} Ne7
{[%clk 0:37:36]} 29. Bxe8 {[%clk 0:53:09]} Rxe8 {[%clk 0:38:05]} 30. Bxe7
{[%clk 0:51:45]} Rxe7 {[%clk 0:38:33]} 31. Re2 {[%clk 0:50:43]} a5
{[%clk 0:38:47]} 32. Rae1 {[%clk 0:50:56]} Re6 {[%clk 0:39:07]} 33. Kg3
{[%clk 0:49:41]} Bh6 {[%clk 0:38:58]} 34. Kf3 {[%clk 0:47:10]} Bg7
{[%clk 0:38:57]} 35. Kf4 {[%clk 0:43:33]} Bh6+ {[%clk 0:38:47]} 36. Ke4
{[%clk 0:41:01]} Bg7 {[%clk 0:39:07]} 37. Kd5 {[%clk 0:41:16]} Kf8
{[%clk 0:36:54]} 38. Rf1 {[%clk 0:38:43]} Ke7 {[%clk 0:34:33]} 39. g5
{[%clk 0:39:01]} Bh8 {[%clk 0:28:04]} 40. Rf6 {[%clk 0:37:17]} Bxf6
{[%clk 0:26:58]} 41. exf6+ 1-0

[Event "wyco2016"]
[Site "?"]
[Date "2016.07.24"]
[Round "4.30"]
[White "Panko, Eduard"]
[Black "Peng, Shunkai"]
[Result "0-1"]
[BlackElo "1944"]
[WhiteElo "1712"]
[LiveChessVersion "1.4.7"]

1. c4 {[%clk 1:30:58]} Nf6 {[%clk 1:30:22]} 2. Nc3 {[%clk 1:31:02]} g6
{[%clk 1:26:51]} 3. g3 {[%clk 1:31:15]} Bg7 {[%clk 1:27:12]} 4. Bg2
{[%clk 1:31:35]} O-O {[%clk 1:27:34]} 5. Nf3 {[%clk 1:31:04]} d6 {[%clk 1:27:36]}
6. O-O {[%clk 1:30:56]} e5 {[%clk 1:27:43]} 7. b3 {[%clk 1:30:10]} Re8
{[%clk 1:27:29]} 8. Bb2 {[%clk 1:28:50]} c6 {[%clk 1:27:37]} 9. e3
{[%clk 1:27:37]} Nbd7 {[%clk 1:26:57]} 10. Qc2 {[%clk 1:25:44]} a6
{[%clk 1:25:57]} 11. d3 {[%clk 1:24:54]} h6 {[%clk 1:21:04]} 12. Nd2
{[%clk 1:24:14]} Nf8 {[%clk 1:20:13]} 13. Ne2 {[%clk 1:20:42]} Bg4
{[%clk 1:14:58]} 14. Rfe1 {[%clk 1:20:26]} Qd7 {[%clk 1:13:18]} 15. d4
{[%clk 1:20:06]} Bf5 {[%clk 1:10:06]} 16. e4 {[%clk 1:15:06]} Bh3
{[%clk 1:09:59]} 17. dxe5 {[%clk 1:11:34]} dxe5 {[%clk 1:10:08]} 18. Rad1
{[%clk 1:10:30]} Bxg2 {[%clk 1:10:22]} 19. Kxg2 {[%clk 1:10:34]} N6h7
{[%clk 1:08:01]} 20. c5 {[%clk 1:03:44]} Qe7 {[%clk 1:07:11]} 21. b4
{[%clk 1:00:44]} a5 {[%clk 1:06:36]} 22. a3 {[%clk 1:00:42]} axb4
{[%clk 1:06:23]} 23. axb4 {[%clk 1:00:59]} b5 {[%clk 1:01:56]} 24. Nb3
{[%clk 0:58:11]} Rad8 {[%clk 0:59:00]} 25. Na5 {[%clk 0:56:53]} Qc7
{[%clk 0:59:21]} 26. Rxd8 {[%clk 0:55:14]} Rxd8 {[%clk 0:59:43]} 27. Rd1
{[%clk 0:55:32]} Rd7 {[%clk 0:57:42]} 28. Rd3 {[%clk 0:51:39]} Ng5
{[%clk 0:57:32]} 29. h4 {[%clk 0:47:18]} Nge6 {[%clk 0:57:21]} 30. Qd1
{[%clk 0:46:16]} Rxd3 {[%clk 0:55:54]} 31. Qxd3 {[%clk 0:46:26]} Nxc5
{[%clk 0:56:19]} 32. Qc2 {[%clk 0:38:56]} Na4 {[%clk 0:55:50]} 33. Bc1
{[%clk 0:29:14]} c5 {[%clk 0:55:24]} 34. Nb3 {[%clk 0:21:47]} c4 {[%clk 0:54:59]}
35. Nd2 {[%clk 0:21:36]} Ne6 {[%clk 0:53:45]} 36. Nc3 {[%clk 0:14:18]} Nxc3
{[%clk 0:52:53]} 37. Qxc3 {[%clk 0:14:34]} Qa7 {[%clk 0:52:36]} 38. Nf1
{[%clk 0:11:18]} Qa8 {[%clk 0:49:29]} 39. f3 {[%clk 0:11:21]} f5 {[%clk 0:47:59]}
40. Nd2 {[%clk 0:08:42]} Nd4 {[%clk 0:47:00]} 41. Bb2 {[%clk 0:06:04]} Qa4
{[%clk 0:45:02]} 42. Nxc4 {[%clk 0:04:29]} bxc4 {[%clk 0:45:11]} 43. Qxc4+
{[%clk 0:04:47]} Kh7 {[%clk 0:45:37]} 44. exf5 {[%clk 0:04:33]} Nxf5
{[%clk 0:45:46]} 45. Kh3 {[%clk 0:04:23]} Qd1 {[%clk 0:45:47]} 46. Qe4
{[%clk 0:03:50]} h5 {[%clk 0:45:42]} 47. f4 {[%clk 0:03:19]} Qg4+
{[%clk 0:45:26]} 48. Kg2 {[%clk 0:02:35]} exf4 {[%clk 0:45:22]} 49. Bxg7
{[%clk 0:02:05]} f3+ {[%clk 0:45:39]} 0-1

[Event "wyco2016"]
[Site "?"]
[Date "2016.07.24"]
[Round "4.31"]
[White "Yang, Zicheng"]
[Black "Verbovsky, Michal"]
[Result "1/2-1/2"]
[BlackElo "1685"]
[WhiteElo "1442"]
[LiveChessVersion "1.4.7"]

1. e4 {[%clk 1:30:53]} c5 {[%clk 1:30:30]} 2. Nf3 {[%clk 1:31:11]} d6
{[%clk 1:30:09]} 3. d4 {[%clk 1:31:34]} cxd4 {[%clk 1:30:33]} 4. Nxd4
{[%clk 1:31:52]} Nf6 {[%clk 1:30:42]} 5. Nc3 {[%clk 1:32:10]} e6 {[%clk 1:30:36]}
6. Be3 {[%clk 1:32:18]} a6 {[%clk 1:30:15]} 7. f3 {[%clk 1:32:15]} Be7
{[%clk 1:30:25]} 8. Qd2 {[%clk 1:31:51]} b5 {[%clk 1:30:04]} 9. g4
{[%clk 1:29:52]} Bb7 {[%clk 1:29:13]} 10. h4 {[%clk 1:26:46]} h5 {[%clk 1:24:46]}
11. gxh5 {[%clk 1:22:10]} Nxh5 {[%clk 1:24:15]} 12. Qg2 {[%clk 1:19:28]} Nd7
{[%clk 1:11:43]} 13. O-O-O {[%clk 1:14:10]} b4 {[%clk 1:06:34]} 14. Nce2
{[%clk 1:11:36]} a5 {[%clk 0:51:52]} 15. Nf4 {[%clk 1:09:06]} Nxf4
{[%clk 0:32:44]} 16. Bxf4 {[%clk 1:00:05]} e5 {[%clk 0:10:21]} 17. Nf5
{[%clk 0:58:34]} exf4 {[%clk 0:09:07]} 18. Qxg7 {[%clk 0:58:33]} Rf8
{[%clk 0:08:07]} 19. Qg4 {[%clk 0:54:47]} Rh8 {[%clk 0:06:21]} 1/2-1/2